Normal view
MARC view
Entry Corporate Name
001 - CONTROL NUMBER
- control field: 42546
003 - CONTROL NUMBER IDENTIFIER
- control field: ARRUPE
005 - DATE AND TIME OF LATEST TRANSACTION
- control field: 20180925103200.0
008 - FIXED-LENGTH DATA ELEMENTS
- fixed length control field: 180925|| aca||aabn | a|a d
040 ## - CATALOGING SOURCE
- Original cataloging agency: ARRUPE
- Transcribing agency: ARRUPE
110 ## - HEADING--CORPORATE NAME
- Corporate name or jurisdiction name as entry element: British Film Institute.
670 ## - SOURCE DATA FOUND
- Source citation: Work cat.: (ARRUPE)0: Bakari, Imruh (ed.) 42544, African experiences of cinema /, 1996.